000
00213 a2200097 4500
001
45386
100
_a
245
_a
Conman dictionary of scientific usage
260
_a
London
_b
Longman
_c
090
_c
28549
_d
28549
942
_a
NUST-CAE
_c
M
_c
20612
999
_c
280459
_d
280459